000 01614nam0a2200325 4500
001 RU\NLR\BIBL_A\011688969
005 20180622113710.0
010 _a978-5-7890-1361-8
_9500
021 _aRU
_bКН-П-18-022582
_9КН-П-18-1641
035 _a(NLR Aleph) 011688969
035 _a(RuMoRGB)009585681
090 _a11327702
_c11327702
100 _a20180425d2017 k y0rusy50 ca
101 0 _arus
102 _aRU
105 _a||||zzzz0||zy
200 1 _aДинамика сказочной традиции в истории мировой культуры
_eмонография
_fЕ. Г. Тихомирова
_gМинистерство образования и науки Российской Федерации, Федеральное государственное бюджетное образовательное учреждение высшего образования "Донской государственный технический университет"
210 _aРостов-на-Дону
_cДГТУ
_d2017
215 _a193 с.
_d21
320 _aБиблиогр.: с. 185-193
606 1 _aСказки
_xКультурологические исследования
_92370658
_3RU\NLR\AUTH\6601636745
686 _aШ401.445,0
_2rubbk
686 _aШ3(0)-615.1,0
_2rubbk
686 _aТ3(0)0-7
700 1 _7ca
_8rus
_aТихомирова
_bЕ. Г.
_cканд. филос. наук
_gЕкатерина Григорьевна
_9106986
_3RU\NLR\AUTH\77124061
942 _cBOOK
980 _aNBR
980 _aNB